U.S. States with Most Mormons - Statistics

General Stats
  • This quiz has been taken 28 times
  • The average score is 15 of 18
Answers on the Map
Answers color-coded by a green-red scale on the quiz's map according to % correct below.
 
Answer Stats
Answer Total Population % Correct
California 728,639
96%
Idaho 481,049
96%
Texas 392,400
96%
Utah 2,205,134
96%
Arizona 444,789
92%
Nevada 183,097
92%
Oregon 150,416
92%
Washington 282,266
92%
Colorado 149,722
88%
Florida 176,291
88%
New Mexico 69,451
85%
New York 90,634
85%
Wyoming 67,518
81%
Georgia 92,583
73%
Hawaii 76,357
62%
Virginia 100,031
54%
Missouri 83,213
42%
North Carolina 97,653
42%
No matching quizzes found
Score Distribution
Percent of People with Each Score
Percentile by Number Answered
Your Score History
You have not taken this quiz